| 000 | 00759nam a2200205 a 4500 | ||
|---|---|---|---|
| 003 | OSt | ||
| 005 | 20150408114125.0 | ||
| 008 | 130312s2012 ly ||||g b 00| 0 ara d | ||
| 020 | _a9789959812643 | ||
| 040 | _aMA_UN | ||
| 082 | 0 | 4 |
_221 _a025.5 _bج م أ |
| 100 | 1 |
_aجرنار، محمد أحمد _934067 |
|
| 245 | 1 | 0 |
_aأساسيات البحث العلمي ومناهجه ومناهجه في علم المكتبات والمعلومات / _cمحمد أحمد جرنار. |
| 250 | _aط. 1. | ||
| 260 |
_aطرابلس، ليبيا : _bدار الرواد، _c2012 _m1433. |
||
| 300 |
_a351 ص. ؛ _c24 سم. |
||
| 504 | _aيشتمل على إرجاعات ببليوجرافية. | ||
| 650 | 7 |
_2aucsh _aالمكتبات _xبحوث _95397 |
|
| 942 |
_2ddc _cBOOK |
||
| 999 |
_c28834 _d263334 |
||